Loading...
| History - Ancient History | 2 | 3 | 0 | 1 | 60 | 19 | 91.20 | 2 | 4 |
| Literature - European Literature | 0 | 5 | 0 | 1 | 50 | 114 | 139.00 | 1 | 3 |
| Current Events | 1 | 3 | 0 | 2 | 45 | 65 | 104.00 | 0 | 1 |
| History - World History | 1 | 3 | 1 | 0 | 40 | 57 | 116.75 | 0 | 4 |
| Philosophy | 0 | 4 | 0 | 0 | 40 | 115 | 128.00 | 0 | 3 |
| History - European History | 0 | 4 | 0 | 2 | 40 | 92 | 122.75 | 0 | 2 |
| History - American History | 0 | 3 | 0 | 0 | 30 | 94 | 100.33 | 0 | 1 |
| Literature - British Literature | 0 | 3 | 0 | 0 | 30 | 124 | 134.67 | 0 | 0 |
| Religion | 0 | 3 | 0 | 0 | 30 | 88 | 118.33 | 0 | 2 |
| Social Science | 0 | 4 | 2 | 2 | 30 | 102 | 123.00 | 0 | 3 |
| Fine Arts - Visual Fine Arts | 1 | 1 | 0 | 1 | 25 | 69 | 113.00 | 1 | 1 |
| Science - Chemistry | 0 | 2 | 0 | 0 | 20 | 130 | 130.00 | 0 | 0 |
| Literature - American Literature | 0 | 2 | 0 | 2 | 20 | 143 | 150.50 | 0 | 0 |
| Geography | 0 | 3 | 2 | 0 | 20 | 85 | 112.00 | 0 | 1 |
| Literature - World Literature | 0 | 2 | 1 | 1 | 15 | 121 | 145.00 | 0 | 0 |
| Other Academic | 0 | 2 | 1 | 0 | 15 | 89 | 102.00 | 0 | 1 |
| Science - Other Science | 0 | 1 | 0 | 0 | 10 | 99 | 99.00 | 0 | 0 |
| Science - Biology | 0 | 0 | 0 | 0 | 0 | 0.00 | 0 | 0 |